000
00271nam a2200109Ia 4500
008
220204s9999 xx 000 0 und d
082
_a
NR:63:58
_b
THO
100
_a
Thomas, T C
245
0
_a
Rubber karshakan
260
_a
Trivandrum
_b
B V Printing works
_c
1960
942
_c
BK
999
_c
20261
_d
20261